00000000nam##2200000za#4500
0019.571452
003CaOODSP
00520240527135426
007cr |||||||||||
008150406|2003||||xxc|||||o    f|0| 0 eng|d
040 |aCaOODSP|beng
043 |an-cn---
0861 |aCW69-16/11-2003E-PDF
1102 |aCanadian Wildlife Service.
24510|aProposals to amend the Canadian Migratory Birds Regulations, December 2003 / |h[electronic resource]|cedited by Kathryn M. Dickson and Hélène Lévesque.
260 |aGatineau - Quebec : |bEnvironment Canada. |cDecember 2003.
300 |a44p.|bfig., maps, references, tables
4901 |aCWS migratory birds regulatory report|vNo. 11
500 |aThe catalogue number (CW69-16/11-2003E), ISBN (0-662-35781-7) and ISSN (1497-0139) for the print edition have been incorrectly copied in this electronic publication.
590 |a12-04-Supp|b2012-02-20
830#0|aCWS migratory birds regulatory report ;|vNo. 11|w(CaOODSP)9.505137
85640|ahttp://publications.gc.ca|qPDF|s1.11 MB|uhttps://publications.gc.ca/collections/collection_2011/ec/CW69-16-11-2003-eng.pdf|yNo. 11